[Event "1. Pfalz Open"]
[Site "Neustadt"]
[Date "2008.02.16"]
[Round "2.12"]
[White "Viebahn, Dirk"]
[Black "Dgebuadze, Alexandre"]
[Result "0-1"]
[WhiteElo "2177"]
[BlackElo "2512"]
[PlyCount "90"]
[EventDate "2008.02.15"]
[EventType "swiss"]
[EventRounds "9"]
[EventCountry "GER"]
[Source "lmi"]
[SourceDate "2008.02.15"]

1. e4 e6 2. d4 d5 3. Nd2 Nf6 4. e5 Nfd7 5. Bd3 c5 6. c3 Nc6 7. Ne2 Qb6 8. Nf3
cxd4 9. cxd4 f6 10. exf6 Nxf6 11. O-O Bd6 12. Nc3 O-O 13. Bg5 Bd7 14. Na4 Qa5
15. Nc3 h6 16. Bh4 Rac8 17. Bg3 Bxg3 18. hxg3 Be8 19. Re1 Bf7 20. Bb5 Ne7 21.
Qa4 Qb6 22. Ne5 Nf5 23. Nxf7 Rxf7 24. Rad1 a6 25. Bd3 Qxb2 26. Rxe6 Nxd4 27.
Qxd4 Qxc3 28. Qe3 Qc5 29. Bg6 Rfc7 30. Qe5 Qc1 31. Bh5 Qg5 32. Qxg5 hxg5 33.
Bf3 Rc1 34. Ree1 Rxd1 35. Rxd1 Rc5 36. a4 Kf7 37. Rb1 b5 38. axb5 Rxb5 39. Ra1
a5 40. Be2 Rc5 41. f3 Ke6 42. Ra4 Ke5 43. f4+ Kd6 44. fxg5 Ne4 45. Bd3 Rc1+ 0-1

[Event "1. Pfalz Open"]
[Site "Neustadt"]
[Date "2008.02.16"]
[Round "2.13"]
[White "Chernov, Vadim"]
[Black "Kunz, Konstantin"]
[Result "1/2-1/2"]
[WhiteElo "2505"]
[BlackElo "2161"]
[PlyCount "91"]
[EventDate "2008.02.15"]
[EventType "swiss"]
[EventRounds "9"]
[EventCountry "GER"]
[Source "lmi"]
[SourceDate "2008.02.15"]

1. e4 c5 2. f4 Nc6 3. Nf3 g6 4. Bb5 Nd4 5. Nxd4 cxd4 6. c4 dxc3 7. Nxc3 a6 8.
Be2 e6 9. O-O Bg7 10. d4 d5 11. e5 h5 12. b3 Ne7 13. Ba3 Nf5 14. Qd2 Bf8 15.
Bxf8 Kxf8 16. Na4 Kg7 17. Rac1 b6 18. Rc2 Bd7 19. Nc3 b5 20. Nd1 Qb6 21. Rc5 b4
22. Ne3 Nxe3 23. Qxe3 Rhc8 24. f5 exf5 25. Rxd5 Bb5 26. Rd6 Rc6 27. Rxc6 Bxc6
28. Rc1 Rd8 29. Rc5 Be4 30. Bc4 Rd7 31. Bf1 f6 32. Bc4 fxe5 33. dxe5 Rd1+ 34.
Kf2 Qd8 35. Be2 Rd5 36. g3 a5 37. Qc1 Qe7 38. Rc7 Rd7 39. Rxd7 Qxd7 40. Qc5 Qd5
41. Qxd5 Bxd5 42. Bf3 Bxf3 43. Kxf3 g5 44. h4 gxh4 45. gxh4 Kf7 46. Ke3 1/2-1/2

[Event "1. Pfalz Open"]
[Site "Neustadt"]
[Date "2008.02.16"]
[Round "2.15"]
[White "Frotscher, Thomas"]
[Black "Milov, Leonid"]
[Result "0-1"]
[WhiteElo "2174"]
[BlackElo "2482"]
[PlyCount "106"]
[EventDate "2008.02.15"]
[EventType "swiss"]
[EventRounds "9"]
[EventCountry "GER"]
[Source "lmi"]
[SourceDate "2008.02.15"]

1. d4 Nf6 2. c3 b6 3. e3 Bb7 4. f4 d6 5. Nf3 Nbd7 6. Be2 g6 7. O-O Bg7 8. Ne1
O-O 9. Bf3 Qc8 10. Nd2 e5 11. fxe5 dxe5 12. Nc4 Re8 13. Bxb7 Qxb7 14. Nf3 Ne4
15. Nfd2 f5 16. Qf3 Qd5 17. Nxe4 Qxc4 18. Nd2 Qe6 19. Qd1 c5 20. Nf3 Qd5 21.
dxe5 Qxd1 22. Rxd1 Nxe5 23. Nxe5 Bxe5 24. Bd2 Bf6 25. Kf2 Re4 26. Re1 Kf7 27.
Rad1 Rd8 28. Bc1 Rxd1 29. Rxd1 Ke6 30. Kf3 h5 31. h3 g5 32. Bd2 Ra4 33. a3 g4+
34. hxg4 fxg4+ 35. Ke2 Re4 36. Kd3 Kd5 37. Rf1 c4+ 38. Ke2 Ke6 39. g3 Re5 40.
Rf4 Rb5 41. Bc1 Be5 42. Rxc4 Bxg3 43. Rc6+ Bd6 44. Rc4 Rf5 45. e4 Rf8 46. Bh6
Rf6 47. Bg5 Rg6 48. e5 Bxe5 49. Rc6+ Bd6 50. Bh4 Kd7 51. Rc4 g3 52. Kf3 g2 53.
Bf2 Bc5 0-1

[Event "1. Pfalz Open"]
[Site "Neustadt"]
[Date "2008.02.17"]
[Round "3.2"]
[White "Morawietz, Dieter"]
[Black "Berelovich, Aleksandar"]
[Result "1-0"]
[WhiteElo "2424"]
[BlackElo "2606"]
[PlyCount "85"]
[EventDate "2008.02.15"]
[EventType "swiss"]
[EventRounds "9"]
[EventCountry "GER"]
[Source "lmi"]
[SourceDate "2008.02.15"]

1. e4 e6 2. d4 d5 3. Nc3 Bb4 4. e5 c5 5. a3 Bxc3+ 6. bxc3 Ne7 7. Nf3 Qa5 8. Bd2
Nbc6 9. Be2 Bd7 10. O-O f6 11. c4 Qc7 12. cxd5 Nxd5 13. c4 Nde7 14. exf6 gxf6
15. Bc3 O-O-O 16. d5 exd5 17. cxd5 Be6 18. Bxf6 Rhf8 19. Bxe7 Qxe7 20. dxc6
Rxd1 21. cxb7+ Kxb7 22. Rfxd1 Bg4 23. Ra2 Kc7 24. Rad2 Rf7 25. h3 Bc8 26. Nh2
Qg5 27. Rd5 Rf5 28. R5d3 Qe7 29. Bg4 Re5 30. Nf3 Bxg4 31. hxg4 Re4 32. Rd5 c4
33. Ra5 Kb6 34. Rad5 c3 35. Rd6+ Kc7 36. R6d3 Qxa3 37. Nd4 Kb6 38. Rb1+ Kc5 39.
Nb5 Qa2 40. Nxc3 Qc4 41. Nxe4+ Qxe4 42. Rc3+ Kd5 43. Rd1+ 1-0

[Event "1. Pfalz Open"]
[Site "Neustadt"]
[Date "2008.02.17"]
[Round "3.3"]
[White "Khenkin, Igor"]
[Black "Lauber, Arnd"]
[Result "1-0"]
[WhiteElo "2602"]
[BlackElo "2417"]
[PlyCount "81"]
[EventDate "2008.02.15"]
[EventType "swiss"]
[EventRounds "9"]
[EventCountry "GER"]
[Source "lmi"]
[SourceDate "2008.02.15"]

1. d4 Nf6 2. c4 e6 3. Nf3 d5 4. Nc3 dxc4 5. e4 Bb4 6. Bg5 c5 7. e5 cxd4 8. Nxd4
Bxc3+ 9. bxc3 Qa5 10. exf6 Qxg5 11. fxg7 Qxg7 12. Qd2 O-O 13. Bxc4 a6 14. h4 e5
15. Nf3 Nc6 16. Ng5 Kh8 17. O-O-O f6 18. Ne4 Na5 19. Bd5 Qc7 20. Rhg1 Bf5 21.
g4 Bxe4 22. Bxe4 Rac8 23. Rg3 Nc4 24. Qd7 Rfd8 25. Qxc7 Rxd1+ 26. Kxd1 Rxc7 27.
Kc2 Rd7 28. Rd3 Rxd3 29. Bxd3 Nd6 30. c4 b6 31. c5 bxc5 32. Bxa6 Kg7 33. a4 Kf7
34. a5 Ke6 35. Bd3 h5 36. a6 Ne8 37. gxh5 Nc7 38. a7 Kf7 39. Kb3 Kg7 40. Kc4
Kh6 41. Kxc5 1-0

[Event "1. Pfalz Open"]
[Site "Neustadt"]
[Date "2008.02.17"]
[Round "3.4"]
[White "Brener, Ilja"]
[Black "Kempinski, Robert"]
[Result "1/2-1/2"]
[WhiteElo "2394"]
[BlackElo "2590"]
[PlyCount "39"]
[EventDate "2008.02.15"]
[EventType "swiss"]
[EventRounds "9"]
[EventCountry "GER"]
[Source "lmi"]
[SourceDate "2008.02.15"]

1. Nf3 Nf6 2. c4 g6 3. Nc3 Bg7 4. e4 O-O 5. d4 c6 6. Be2 d5 7. e5 Ne4 8. O-O
Nxc3 9. bxc3 dxc4 10. Bxc4 c5 11. Bf4 Bg4 12. h3 Bxf3 13. Qxf3 cxd4 14. Qxb7
Nd7 15. cxd4 Nb6 16. Bb3 Qxd4 17. Be3 Qxe5 18. Bxb6 axb6 19. Rae1 Rab8 20. Qxe7
1/2-1/2

[Event "1. Pfalz Open"]
[Site "Neustadt"]
[Date "2008.02.17"]
[Round "3.5"]
[White "Graf, Alexander"]
[Black "Haker, Johann-Christian"]
[Result "1-0"]
[WhiteElo "2586"]
[BlackElo "2342"]
[PlyCount "89"]
[EventDate "2008.02.15"]
[EventType "swiss"]
[EventRounds "9"]
[EventCountry "GER"]
[Source "lmi"]
[SourceDate "2008.02.15"]

1. d4 d5 2. c4 c6 3. Nc3 Nf6 4. cxd5 cxd5 5. Bf4 Nc6 6. e3 Bf5 7. Bb5 e6 8. Nf3
Nd7 9. O-O Be7 10. Qb3 O-O 11. Rfc1 Na5 12. Qa4 Nc4 13. Bxd7 Nb6 14. Qb3 Qxd7
15. Nb5 Nc4 16. Ne5 Nxe5 17. Bxe5 Rfc8 18. Nc7 Rab8 19. Rc3 f6 20. Bg3 Bd6 21.
Rac1 Bxg3 22. hxg3 a6 23. Rc5 Rd8 24. Qc3 Qd6 25. b4 Bg4 26. Qd2 Bh5 27. a4 Be8
28. Nxe8 Rxe8 29. a5 Re7 30. R1c3 Kf7 31. Qc2 g6 32. b5 axb5 33. Rxb5 Qd8 34.
Qb2 Qd6 35. Rb6 Qd8 36. a6 Ra8 37. axb7 Rb8 38. Rc1 Qd7 39. Rb1 Qc7 40. Qe2 h5
41. e4 Qc4 42. Qe3 dxe4 43. Qf4 Ree8 44. Qxe4 Red8 45. Rc6 1-0

[Event "1. Pfalz Open"]
[Site "Neustadt"]
[Date "2008.02.17"]
[Round "3.6"]
[White "Dausch, Rene"]
[Black "Markowski, Tomasz"]
[Result "0-1"]
[WhiteElo "2351"]
[BlackElo "2585"]
[PlyCount "60"]
[EventDate "2008.02.15"]
[EventType "swiss"]
[EventRounds "9"]
[EventCountry "GER"]
[Source "lmi"]
[SourceDate "2008.02.15"]

1. d4 c5 2. dxc5 Qa5+ 3. Nc3 Nf6 4. a3 Qxc5 5. e4 d6 6. Bb5+ Bd7 7. Be3 Qc7 8.
Bxd7+ Nbxd7 9. Nf3 e6 10. O-O a6 11. Qd2 Be7 12. Rad1 O-O 13. Rfe1 Rfd8 14. h3
Rac8 15. Qd4 Ne8 16. Bg5 Bxg5 17. Nxg5 Ne5 18. f4 Nc4 19. f5 Qe7 20. Nf3 Nxb2
21. Rb1 Nc4 22. fxe6 fxe6 23. a4 Nf6 24. Kh1 Rd7 25. e5 dxe5 26. Qh4 Nd6 27.
Qb4 e4 28. Ne5 Rdc7 29. Red1 Nf5 30. Qxe7 Rxe7 0-1

[Event "1. Pfalz Open"]
[Site "Neustadt"]
[Date "2008.02.17"]
[Round "3.7"]
[White "Dittmar, Peter"]
[Black "Epishin, Vladimir"]
[Result "1/2-1/2"]
[WhiteElo "2329"]
[BlackElo "2577"]
[PlyCount "40"]
[EventDate "2008.02.15"]
[EventType "swiss"]
[EventRounds "9"]
[EventCountry "GER"]
[Source "lmi"]
[SourceDate "2008.02.15"]

1. c4 e5 2. g3 Nc6 3. Bg2 Bc5 4. Nc3 d6 5. e3 a6 6. Nge2 Ba7 7. d4 Nge7 8. O-O
O-O 9. b3 exd4 10. Nxd4 Rb8 11. Nxc6 bxc6 12. Bb2 Re8 13. Qd2 Bd7 14. Na4 c5
15. Nc3 Bb6 16. Nd5 Nxd5 17. Bxd5 Be6 18. Bc6 Bd7 19. Bd5 Be6 20. Bc6 Bd7
1/2-1/2

[Event "1. Pfalz Open"]
[Site "Neustadt"]
[Date "2008.02.17"]
[Round "3.8"]
[White "Drozdovskij, Yuri"]
[Black "Schulze, Ulrich"]
[Result "1/2-1/2"]
[WhiteElo "2574"]
[BlackElo "2316"]
[PlyCount "45"]
[EventDate "2008.02.15"]
[EventType "swiss"]
[EventRounds "9"]
[EventCountry "GER"]
[Source "lmi"]
[SourceDate "2008.02.15"]

1. d4 Nf6 2. c4 g6 3. Nf3 Bg7 4. g3 c6 5. Bg2 d5 6. Nbd2 O-O 7. O-O Bf5 8. b3
Ne4 9. Bb2 a5 10. a3 Qb6 11. e3 Nxd2 12. Nxd2 Bd3 13. c5 Qc7 14. Re1 Nd7 15. b4
axb4 16. axb4 f5 17. Qb3 Bb5 18. e4 Rxa1 19. Bxa1 e6 20. e5 Ra8 21. g4 fxg4 22.
Qg3 h5 23. h3 1/2-1/2

[Event "1. Pfalz Open"]
[Site "Neustadt"]
[Date "2008.02.17"]
[Round "3.10"]
[White "Haba, Petr"]
[Black "Friedrich, Norbert"]
[Result "1-0"]
[WhiteElo "2536"]
[BlackElo "2306"]
[PlyCount "43"]
[EventDate "2008.02.15"]
[EventType "swiss"]
[EventRounds "9"]
[EventCountry "GER"]
[Source "lmi"]
[SourceDate "2008.02.15"]

1. d4 d5 2. c4 c6 3. Nf3 Nf6 4. Nc3 e6 5. Bg5 Nbd7 6. e3 Qa5 7. cxd5 Nxd5 8.
Qd2 N7b6 9. Bd3 Na4 10. O-O Naxc3 11. bxc3 Qxc3 12. Qe2 Bd6 13. Nd2 Qa5 14. e4
Nf4 15. Bxf4 Bxf4 16. Nc4 Qd8 17. e5 Qxd4 18. Rad1 Ke7 19. Rfe1 Bd7 20. Qh5 g6
21. Qh4+ g5 22. Qh6 1-0

[Event "1. Pfalz Open"]
[Site "Neustadt"]
[Date "2008.02.17"]
[Round "3.11"]
[White "Piasetski, Leon"]
[Black "Manolache, Marius"]
[Result "0-1"]
[WhiteElo "2308"]
[BlackElo "2530"]
[PlyCount "168"]
[EventDate "2008.02.15"]
[EventType "swiss"]
[EventRounds "9"]
[EventCountry "GER"]
[Source "lmi"]
[SourceDate "2008.02.15"]

1. Nf3 Nf6 2. c4 g6 3. Nc3 Bg7 4. e4 O-O 5. d4 c6 6. Bg5 d5 7. Bxf6 exf6 8.
exd5 cxd5 9. cxd5 a6 10. Be2 b5 11. O-O Re8 12. Nd2 Ra7 13. Bf3 Nd7 14. Nb3 f5
15. Qd3 Nf6 16. a3 Rae7 17. Nc5 Qd6 18. b4 Bb7 19. a4 Bxd5 20. axb5 Be4 21. Qd1
Bxf3 22. Qxf3 Ne4 23. bxa6 Nxc3 24. Qxc3 Bxd4 25. Rad1 Bxc3 26. Rxd6 Bxb4 27.
Rc6 Bc3 28. Nd3 Bd4 29. g3 Rd7 30. Rb1 Ree7 31. Nc5 Rd5 32. Rb8+ Kg7 33. Nb3
Ba7 34. Rb7 Rxb7 35. axb7 Rb5 36. Nc5 Bxc5 37. Rxc5 Rxb7 38. Kg2 Re7 39. Kf3
Re1 40. h4 Kf6 41. Rc6+ Re6 42. Rc7 Rb6 43. Ra7 h6 44. Rc7 Rb3+ 45. Kg2 Rb4 46.
Kf3 h5 47. Rc6+ Kg7 48. Ra6 Rg4 49. Rb6 f4 50. Ra6 fxg3 51. fxg3 Rb4 52. Rc6
Rb3+ 53. Kf4 Rb1 54. Kf3 Rf1+ 55. Kg2 Rf6 56. Rc7 Rd6 57. Kf3 Kf6 58. Ra7 Ke6
59. Rb7 Rd3+ 60. Kf4 Rd4+ 61. Kf3 f6 62. Rb5 Rd5 63. Rb4 Rf5+ 64. Kg2 Rc5 65.
Kf3 Kd5 66. Rb6 Ke5 67. Rb4 Rc3+ 68. Kf2 Rd3 69. Ra4 Rd4 70. Ra3 g5 71. hxg5
fxg5 72. Kf3 Rd5 73. Re3+ Kf5 74. Ra3 g4+ 75. Ke3 Rb5 76. Ra4 Kg5 77. Rc4 Rf5
78. Ke4 Rb5 79. Rc8 Rb6 80. Rc5+ Kg6 81. Rc3 Re6+ 82. Kf4 Rf6+ 83. Ke4 h4 84.
gxh4 Kh5 0-1

[Event "1. Pfalz Open"]
[Site "Neustadt"]
[Date "2008.02.17"]
[Round "3.14"]
[White "Milov, Leonid"]
[Black "Mezhlumian, Vahram"]
[Result "1-0"]
[WhiteElo "2482"]
[BlackElo "2264"]
[PlyCount "87"]
[EventDate "2008.02.15"]
[EventType "swiss"]
[EventRounds "9"]
[EventCountry "GER"]
[Source "lmi"]
[SourceDate "2008.02.15"]

1. e4 e6 2. d4 d5 3. Nd2 c5 4. Ngf3 Nf6 5. exd5 exd5 6. Bb5+ Bd7 7. Qe2+ Be7 8.
dxc5 O-O 9. Nb3 Re8 10. Be3 Bxc5 11. Nxc5 Qa5+ 12. Qd2 Qxb5 13. O-O-O Bg4 14.
h3 Bxf3 15. gxf3 Nc6 16. Rhg1 Ne5 17. Bd4 Ng6 18. Bxf6 gxf6 19. Qxd5 Rad8 20.
Nd7 Qa6 21. h4 Kg7 22. h5 Re7 23. hxg6 hxg6 24. Qf5 Qc6 25. Qxf6+ Qxf6 26. Nxf6
Rxd1+ 27. Kxd1 Kxf6 28. Rg4 Kf5 29. c4 g5 30. Rd4 Rc7 31. Kd2 f6 32. b4 a6 33.
Re4 Rd7+ 34. Kc3 Rh7 35. Kd4 Rh3 36. Ke3 Rh1 37. c5 Ra1 38. Rd4 a5 39. b5 Rxa2
40. Rc4 Ra3+ 41. Kd4 Rxf3 42. c6 bxc6 43. bxc6 Ke6 44. Rc2 1-0

[Event "1. Pfalz Open"]
[Site "Neustadt"]
[Date "2008.02.18"]
[Round "4.2"]
[White "Milov, Leonid"]
[Black "Khenkin, Igor"]
[Result "1-0"]
[WhiteElo "2482"]
[BlackElo "2602"]
[PlyCount "83"]
[EventDate "2008.02.15"]
[EventType "swiss"]
[EventRounds "9"]
[EventCountry "GER"]
[Source "lmi"]
[SourceDate "2008.02.15"]

1. e4 c6 2. d4 d5 3. Nd2 dxe4 4. Nxe4 Bf5 5. Ng3 Bg6 6. Bc4 e6 7. N1e2 Bd6 8.
h4 h6 9. Nf4 Bxf4 10. Bxf4 Nf6 11. Qd2 Nbd7 12. Bd3 Bxd3 13. Qxd3 Qa5+ 14. Bd2
Qd5 15. c4 Qxg2 16. Qe2 b5 17. b3 bxc4 18. bxc4 Nb6 19. O-O-O Nxc4 20. Qxc4 O-O
21. Rhg1 Qd5 22. Qxd5 cxd5 23. Bxh6 Ng4 24. Be3 Rab8 25. Rd2 Nh2 26. Nh5 g6 27.
Nf6+ Kg7 28. Nd7 Nf3 29. Nxb8 Nxg1 30. Nd7 Rd8 31. Ne5 f6 32. Rd1 Nh3 33. Nf3
g5 34. hxg5 f5 35. Rh1 Rh8 36. Ng1 f4 37. Rxh3 fxe3 38. fxe3 Rc8+ 39. Kd1 Rc3
40. Ne2 Ra3 41. Nf4 Rxa2 42. g6 1-0

[Event "1. Pfalz Open"]
[Site "Neustadt"]
[Date "2008.02.18"]
[Round "4.4"]
[White "Markowski, Tomasz"]
[Black "Kekelidze, Mikheil"]
[Result "1-0"]
[WhiteElo "2585"]
[BlackElo "2454"]
[PlyCount "185"]
[EventDate "2008.02.15"]
[EventType "swiss"]
[EventRounds "9"]
[EventCountry "GER"]
[Source "lmi"]
[SourceDate "2008.02.15"]

1. g3 c5 2. Bg2 Nc6 3. c4 g6 4. Nc3 Bg7 5. d3 e6 6. e4 Nge7 7. Nge2 O-O 8. O-O
b6 9. Be3 Bb7 10. d4 d6 11. d5 exd5 12. cxd5 Ne5 13. Qa4 a6 14. Qc2 b5 15. a3
Nc8 16. Rad1 Nb6 17. b3 Re8 18. h3 Rc8 19. Qd2 b4 20. axb4 cxb4 21. Na2 a5 22.
Rc1 Ba6 23. Rxc8 Nxc8 24. Rd1 Nd3 25. Nd4 Nc5 26. Nc6 Qb6 27. Nc1 Na7 28. Qc2
Bb5 29. Nd4 Bd7 30. Nd3 Rc8 31. Nb2 Nb5 32. Nc6 Bxc6 33. Nc4 Qc7 34. dxc6 Na3
35. Qe2 Nxc4 36. Qxc4 Ne6 37. Qb5 Qxc6 38. Qxa5 Qc7 39. Qxb4 Rb8 40. Qd2 Rxb3
41. Qxd6 Qxd6 42. Rxd6 Be5 43. Rb6 Rxe3 44. fxe3 Bxg3 45. Bf1 Kg7 46. Kg2 Be5
47. Bc4 Kf6 48. Rb7 h5 49. Rd7 Ng5 50. h4 Ne6 51. Kf2 Bb8 52. Ba2 Be5 53. Ke2
Bg3 54. Ra7 Be5 55. Kf3 Bd6 56. Ra5 Be5 57. Ra6 Ke7 58. Bxe6 fxe6 59. Ra7+ Kf6
60. Ra5 Bc3 61. Rc5 Be5 62. Rb5 Bc3 63. Ke2 Be5 64. Kf2 Bd6 65. Rg5 Kf7 66. Rg1
Be7 67. Rh1 Bd6 68. Ke2 Kf6 69. Kd3 g5 70. hxg5+ Kxg5 71. Rg1+ Kf6 72. Ke2 h4
73. Rh1 Bg3 74. Kf3 Kg5 75. Rb1 e5 76. Rb8 Kf6 77. Kg4 Kg7 78. Rb7+ Kg6 79.
Rb6+ Kg7 80. Kf5 Bf2 81. Rb2 Bxe3 82. Rh2 Bd4 83. Rxh4 Bc3 84. Rh3 Bd4 85. Ke6
Kf8 86. Kd7 Bb2 87. Rf3+ Kg7 88. Ke7 Kg6 89. Rg3+ Kh5 90. Kf6 Bd4 91. Rg6 Bc3
92. Kf5 Bd4 93. Re6 1-0

[Event "1. Pfalz Open"]
[Site "Neustadt"]
[Date "2008.02.18"]
[Round "4.6"]
[White "Djuric, Stefan"]
[Black "Haba, Petr"]
[Result "0-1"]
[WhiteElo "2448"]
[BlackElo "2536"]
[PlyCount "118"]
[EventDate "2008.02.15"]
[EventType "swiss"]
[EventRounds "9"]
[EventCountry "GER"]
[Source "lmi"]
[SourceDate "2008.02.15"]

1. e4 e6 2. d4 d5 3. e5 c5 4. c3 Qb6 5. Nf3 Bd7 6. Nbd2 cxd4 7. Nxd4 Nc6 8.
N2f3 Nxd4 9. Nxd4 Bc5 10. Bd3 Bxd4 11. cxd4 Bb5 12. O-O Bxd3 13. Qxd3 Ne7 14.
b3 Nc6 15. Rd1 O-O 16. Ba3 Rfc8 17. Bd6 a5 18. h4 Nb4 19. Qg3 Qd8 20. h5 h6 21.
a3 Nc6 22. Rd3 Ne7 23. Bxe7 Qxe7 24. Qf4 Qg5 25. Qxg5 hxg5 26. Rg3 Kh7 27. Rxg5
Rc3 28. Rg3 Rac8 29. Kh2 Kh6 30. Rf1 b5 31. Kh3 Kxh5 32. f3 g5 33. Kh2 Rxb3 34.
Rh3+ Kg6 35. Kg3 Rb2 36. Rfh1 Rcc2 37. R1h2 Kg7 38. Rh7+ Kf8 39. Rh8+ Ke7 40.
Ra8 a4 41. Rb8 Kd7 42. Rf8 b4 43. axb4 a3 44. b5 Kc7 45. Rxf7+ Kb6 46. Rf8 a2
47. Ra8 Kxb5 48. Kg4 Rxg2+ 49. Rxg2 Rxg2+ 50. Kh5 Kc4 51. Kg6 Kxd4 52. Kf6 Ke3
53. Kxe6 d4 54. Kf5 d3 55. e6 Re2 56. Ra3 Kf2 57. Kxg5 Rxe6 58. f4 Re2 59. f5
d2 0-1

[Event "1. Pfalz Open"]
[Site "Neustadt"]
[Date "2008.02.18"]
[Round "4.7"]
[White "Manolache, Marius"]
[Black "Maeurer, Christoph Dr"]
[Result "1-0"]
[WhiteElo "2530"]
[BlackElo "2266"]
[PlyCount "95"]
[EventDate "2008.02.15"]
[EventType "swiss"]
[EventRounds "9"]
[EventCountry "GER"]
[Source "lmi"]
[SourceDate "2008.02.15"]

1. d4 Nf6 2. c4 g6 3. Nf3 Bg7 4. g3 O-O 5. Bg2 d6 6. Nc3 Nc6 7. O-O a6 8. h3
Bd7 9. Re1 Rb8 10. Rb1 Qc8 11. Kh2 e5 12. d5 Nd4 13. Nh4 c5 14. e3 b5 15. exd4
cxd4 16. Ne2 bxc4 17. Bd2 Qb7 18. Qc1 Rfc8 19. Bh6 Bh8 20. g4 Nxd5 21. Ng3 Be6
22. Nhf5 Qd7 23. Ne4 Rb6 24. Nfg3 f6 25. a3 Qe7 26. Qd2 Rcb8 27. Qa5 c3 28. b4
Nc7 29. Rbc1 Bb3 30. Nxc3 dxc3 31. Rxc3 Be6 32. Be3 R6b7 33. Bxb7 Rxb7 34. Rec1
Nd5 35. Rc8+ Kg7 36. R8c6 h5 37. Qxa6 Rd7 38. Bc5 hxg4 39. Bxd6 Qf7 40. Bf8+
Kxf8 41. Rxe6 Kg8 42. Rd6 Rxd6 43. Qxd6 Bg7 44. Ne4 Kh7 45. hxg4 Qb7 46. Qc6
Qf7 47. Qc4 Qb7 48. Kg3 1-0

[Event "1. Pfalz Open"]
[Site "Neustadt"]
[Date "2008.02.18"]
[Round "4.8"]
[White "Helbig, Mark"]
[Black "Postny, Evgeny"]
[Result "0-1"]
[WhiteElo "2343"]
[BlackElo "2627"]
[PlyCount "110"]
[EventDate "2008.02.15"]
[EventType "swiss"]
[EventRounds "9"]
[EventCountry "GER"]
[Source "lmi"]
[SourceDate "2008.02.15"]

1. d4 Nf6 2. c4 e6 3. Nc3 Bb4 4. Qc2 O-O 5. Bg5 c5 6. e3 h6 7. Bh4 b6 8. Nf3
Bb7 9. Be2 cxd4 10. exd4 d5 11. cxd5 Bxd5 12. O-O Bxc3 13. bxc3 Nbd7 14. c4 Rc8
15. Qb3 Ba8 16. Rfd1 Qc7 17. Bg3 Qb7 18. Bf1 Rfe8 19. a4 Qe4 20. a5 Nh5 21.
axb6 axb6 22. Ra7 Nxg3 23. hxg3 Rcd8 24. Qb4 Qc2 25. Rda1 Qf5 26. R1a3 Bxf3 27.
Rxf3 Qe4 28. Qd6 Nf6 29. Qxb6 Qxd4 30. Qxd4 Rxd4 31. Ra1 Rc8 32. Rc1 Nd7 33.
Rd3 Rxd3 34. Bxd3 Nc5 35. Bf1 f5 36. f3 Kf7 37. Kf2 Ra8 38. Rc2 Ra3 39. Be2 Kf6
40. Rb2 Rc3 41. Rd2 Ke5 42. Rd8 g5 43. Rc8 Nb3 44. Bd1 Nd4 45. Rc5+ Kd6 46. Rc8
Ra3 47. Rh8 Ra1 48. Ke1 Ra2 49. Kf1 Kc5 50. Rxh6 Kxc4 51. Rh8 Kd3 52. Rd8 e5
53. Rd5 e4 54. fxe4 fxe4 55. Rxg5 Ra1 0-1

[Event "1. Pfalz Open"]
[Site "Neustadt"]
[Date "2008.02.18"]
[Round "4.10"]
[White "Borovikov, Vladislav"]
[Black "Dittmar, Peter"]
[Result "1/2-1/2"]
[WhiteElo "2583"]
[BlackElo "2329"]
[PlyCount "41"]
[EventDate "2008.02.15"]
[EventType "swiss"]
[EventRounds "9"]
[EventCountry "GER"]
[Source "lmi"]
[SourceDate "2008.02.15"]

1. d4 d5 2. c4 e6 3. Nc3 Nf6 4. Nf3 c5 5. cxd5 Nxd5 6. e4 Nxc3 7. bxc3 cxd4 8.
cxd4 Bb4+ 9. Bd2 Bxd2+ 10. Qxd2 O-O 11. Bc4 Nd7 12. O-O b6 13. Rfe1 Bb7 14.
Rad1 Rc8 15. Bd3 Qe7 16. Bb1 Rfd8 17. h3 h6 18. Nh2 Qh4 19. Nf3 Qe7 20. Re3 Qd6
21. Ree1 1/2-1/2

[Event "1. Pfalz Open"]
[Site "Neustadt"]
[Date "2008.02.18"]
[Round "4.11"]
[White "Epishin, Vladimir"]
[Black "Degenhardt, Horst"]
[Result "1-0"]
[WhiteElo "2577"]
[BlackElo "2286"]
[PlyCount "77"]
[EventDate "2008.02.15"]
[EventType "swiss"]
[EventRounds "9"]
[EventCountry "GER"]
[Source "lmi"]
[SourceDate "2008.02.15"]

1. d4 Nf6 2. c4 g6 3. Nc3 Bg7 4. Nf3 d6 5. g3 O-O 6. Bg2 c6 7. O-O Qa5 8. Bg5
h6 9. Bxf6 Bxf6 10. Qd2 Bg7 11. Rfd1 Nd7 12. Rab1 Qa6 13. b3 Re8 14. Ne1 e6 15.
a4 Qb6 16. b4 a5 17. c5 dxc5 18. bxc5 Qc7 19. Qe3 e5 20. d5 cxd5 21. Rxd5 e4
22. Nxe4 Qc6 23. Qb3 Qe6 24. Nd3 Ne5 25. Nf4 Qa6 26. Rd6 Qc4 27. Nd5 Bf5 28.
Ndf6+ Bxf6 29. Nxf6+ Kf8 30. e4 Qxb3 31. Rxb3 Be6 32. Rb5 Rec8 33. f4 Nc4 34.
Rd3 Rd8 35. Bf1 Rxd3 36. Bxd3 Rd8 37. Bxc4 Bxc4 38. Rxb7 Rd1+ 39. Kf2 1-0

[Event "1. Pfalz Open"]
[Site "Neustadt"]
[Date "2008.02.18"]
[Round "4.13"]
[White "Schulze, Ulrich"]
[Black "Moldovan, Daniel"]
[Result "1/2-1/2"]
[WhiteElo "2316"]
[BlackElo "2446"]
[PlyCount "46"]
[EventDate "2008.02.15"]
[EventType "swiss"]
[EventRounds "9"]
[EventCountry "GER"]
[Source "lmi"]
[SourceDate "2008.02.15"]

1. d4 g6 2. Nf3 Bg7 3. c4 d6 4. g3 Nd7 5. Bg2 e5 6. Nc3 Ngf6 7. O-O O-O 8. h3
Re8 9. e4 exd4 10. Nxd4 Nc5 11. Re1 Bd7 12. Bf4 Rb8 13. Qd2 Bc6 14. Nxc6 bxc6
15. Rad1 Nfd7 16. Be3 a5 17. Qc2 Qc8 18. b3 a4 19. Rb1 axb3 20. axb3 Ne6 21. e5
Nxe5 22. f4 Nd7 23. Bxc6 Nd8 1/2-1/2

[Event "1. Pfalz Open"]
[Site "Neustadt"]
[Date "2008.02.18"]
[Round "4.14"]
[White "Esterluss, Hans"]
[Black "Brener, Ilja"]
[Result "1/2-1/2"]
[WhiteElo "2126"]
[BlackElo "2394"]
[PlyCount "61"]
[EventDate "2008.02.15"]
[EventType "swiss"]
[EventRounds "9"]
[EventCountry "GER"]
[Source "lmi"]
[SourceDate "2008.02.15"]

1. d4 d5 2. Nf3 Nf6 3. c3 Bf5 4. Nbd2 h6 5. Qb3 Qc8 6. Ne5 e6 7. e3 Bd6 8. f4
O-O 9. Be2 Ne4 10. O-O c5 11. Nxe4 Bxe4 12. Bd2 f6 13. Nf3 c4 14. Qd1 Nd7 15.
Be1 b5 16. Nd2 f5 17. Nxe4 dxe4 18. Kh1 Nb6 19. Rg1 a5 20. g4 Nd5 21. Bd2 Qc6
22. g5 hxg5 23. Rxg5 Rf6 24. Qg1 Bf8 25. Qg2 Rh6 26. Rg1 Ra7 27. Rh5 Rxh5 28.
Bxh5 e5 29. fxe5 Qh6 30. Qg5 Qxg5 31. Rxg5 1/2-1/2

[Event "1. Pfalz Open"]
[Site "Neustadt"]
[Date "2008.02.19"]
[Round "5.2"]
[White "Graf, Alexander"]
[Black "Manolache, Marius"]
[Result "1-0"]
[WhiteElo "2586"]
[BlackElo "2530"]
[PlyCount "125"]
[EventDate "2008.02.15"]
[EventType "swiss"]
[EventRounds "9"]
[EventCountry "GER"]
[Source "lmi"]
[SourceDate "2008.02.15"]

1. d4 g6 2. c4 Bg7 3. e4 d6 4. Nc3 c6 5. Be2 Qb6 6. Nf3 Bg4 7. Na4 Qa5+ 8. Bd2
Qc7 9. Be3 Nd7 10. O-O Ngf6 11. Nc3 O-O 12. Nd2 e5 13. d5 Bxe2 14. Qxe2 Kh8 15.
Rfd1 c5 16. a3 a6 17. b4 Rac8 18. Rab1 Nh5 19. g3 Nf4 20. Qf1 Nh5 21. Rb3 f5
22. exf5 gxf5 23. Qh3 f4 24. Qxh5 fxe3 25. fxe3 cxb4 26. axb4 b5 27. cxb5 axb5
28. Qe2 Qb6 29. Nce4 Bh6 30. Rf1 Rxf1+ 31. Nxf1 Rc4 32. Qd3 Qb8 33. Nfd2 Rc1+
34. Kg2 Re1 35. Nf1 Nb6 36. Nf6 Qb7 37. Qxb5 Qf7 38. Qe8+ Qxe8 39. Nxe8 Bf8 40.
b5 Be7 41. Rc3 Kg8 42. Rc6 Nxd5 43. Nxd6 Bxd6 44. Rxd6 Nxe3+ 45. Kf2 Rxf1+ 46.
Kxe3 Re1+ 47. Kf3 e4+ 48. Kf4 e3 49. Rd5 Kg7 50. Kf3 e2 51. Kf2 Rh1 52. Kxe2
Rxh2+ 53. Kd3 Kf6 54. Kc4 Ke6 55. Rd3 h5 56. b6 Rb2 57. Kc5 Rc2+ 58. Kb5 Rb2+
59. Kc6 Rc2+ 60. Kb7 Kf5 61. Kb8 Kg4 62. b7 Rg2 63. Rc3 1-0